000 01056nam a2200277 i 4500
001 10221
003 ES-MaACL
005 20230906145836.0
007 t|
008 950322s1994 sp ||||1| spa d
020 _a84-7813-121-3
080 _a929 Iradier Bulfy, Manuel
080 _a910.4(671.8)"18"
100 1 _aIradier y Bulfy, Manuel.
_965402
245 1 0 _aÁfrica :
_bviajes y trabajos de la Asociación Euskara La Exploradora /
_cpor Manuel Iradier.
260 _aMadrid :
_bMiraguano :
_bPolifemo,
_c[1994]
300 _aXIV, 768 p., 2 mapas pleg. :
_bil. ;
_c21 cm.
490 1 _aBiblioteca de viajeros hispánicos ;
_v11
600 1 4 _aIradier y Bulfy, Manuel.
_965402
610 2 _aAsociación Euskara La Exploradora (Vitoria)
_9134130
651 4 _aGuinea Ecuatorial-
_xDescubrimientos y exploraciones-
_xEspañoles.
_9153666
651 4 _aGuinea Ecuatorial-
_xDescubrimientos y exploraciones-
_yS.XIX.
_98808
830 1 _aBiblioteca de viajeros hispánicos ;
_v11
_9178653
852 4 _aES-MaACL
_jL-17661
999 _c10221
_d10221